LEADER 03083oam 2200649I 450 001 9910783973503321 005 20230421043722.0 010 $a1-134-80755-4 010 $a1-134-80756-2 010 $a9786610408047 010 $a1-280-40804-9 010 $a0-203-13642-X 024 7 $a10.4324/9780203136423 035 $a(CKB)1000000000254486 035 $a(EBL)165665 035 $a(OCoLC)437073899 035 $a(SSID)ssj0000131281 035 $a(PQKBManifestationID)11148800 035 $a(PQKBTitleCode)TC0000131281 035 $a(PQKBWorkID)10018316 035 $a(PQKB)11260045 035 $a(MiAaPQ)EBC165665 035 $a(Au-PeEL)EBL165665 035 $a(CaPaEBR)ebr5001563 035 $a(CaONFJC)MIL40804 035 $a(OCoLC)50848427 035 $a(EXLCZ)991000000000254486 100 $a20180706d1996 uy 0 101 0 $aeng 135 $aur|n|---||||| 181 $ctxt 182 $cc 183 $acr 200 14$aThe counselling approach to careers guidance /$fLynda Ali and Barbara Graham ; edited by Susan Lendrum 210 1$aLondon ;$aNew York :$cRoutledge,$d1996. 215 $a1 online resource (205 p.) 300 $aDescription based upon print version of record. 311 $a0-415-12173-6 311 $a0-415-12172-8 320 $aIncludes bibliographical references (p. [190]) and index. 327 $aBook Cover; Title; Contents; Acknowledgements; Introduction to counselling in careers guidance; The counselling approach; Theoretical background to counselling; The model for a counselling approach; Counselling skills; Application of the model and skills in the careers interview; The immediate environment; The impact of the labour market; Tools available to the careers adviser; Carol: the context of guidance and the guidance interview; Training and development for guidance practitioners; Notes; Useful addresses; Select bibliography; Index 330 $aThrough detailed case material the authors show how to use counselling strategies with clients seeking careers guidance to enable them to change unhelpful patterns of thought and to move towards achievable goals. This book: * offers a series of tasks for structuring interviews and assesses materials available to careers counsellors * discusses important issues affecting their training and development within the public sector. This is a useful handbook for experienced advisers and trainees in the careers service and a range of professional settings. 606 $aVocational guidance$xStudy and teaching 606 $aCounseling$xStudy and teaching 615 0$aVocational guidance$xStudy and teaching. 615 0$aCounseling$xStudy and teaching. 676 $a158.6 700 $aAli$b Lynda$f1946-,$01518568 701 $aGraham$b Barbara$f1947 Aug. 3-$01518569 701 $aLendrum$b Susan$f1942-$0895528 801 0$bMiAaPQ 801 1$bMiAaPQ 801 2$bMiAaPQ 906 $aBOOK 912 $a9910783973503321 996 $aThe counselling approach to careers guidance$93756183 997 $aUNINA LEADER 01571nam0 22003731i 450 001 UON00042629 005 20231205102152.817 010 $a09-18-98621-4 100 $a20020107d1980 |0itac50 ba 101 $aeng 102 $aUS 105 $a|||| 1|||| 200 1 $aComputer-aided analysis of Amorite$fIgnace J. Gelb with the assistance of Joyce Bartels, Stuart-Morgan Vance, Robert M. Whiting 210 $aChicago$cChicago University$d1980 215 $aXV, 657 p.$d30 cm. 410 1$1001UON00007517$12001 $aAssyriological Studies$v21 606 $aLINGUE MESOPOTAMICHE$3UONC006424$2FI 620 $aUS$dChicago, Ill.$3UONL000120 686 $aMES II$cMESOPOTAMIA - LINGUISTICA$2A 700 1$aGELB$bIgnace J.$3UONV003416$0305385 702 1$aBARTELS$bJoyce$3UONV027064 702 1$aVANCE$bStuart-Morgan$3UONV027063 702 1$aWHITING$bRobert M.$3UONV005973 712 $aThe University of Chicago Press$3UONV246827$4650 790 1$aGELB, I. J.$zGELB, Ignace J.$3UONV196847 801 $aIT$bSOL$c20240220$gRICA 899 $aSIBA - SISTEMA BIBLIOTECARIO DI ATENEO$2UONSI 912 $aUON00042629 950 $aSIBA - SISTEMA BIBLIOTECARIO DI ATENEO$dSI MES II 016 $eSI SA 34495 5 016 966 $aLINGUA ACCADICA$yLINGUE MESOPOTAMICHE$3UONC006425 966 $aLINGUA ASSIRA$yLINGUE MESOPOTAMICHE$3UONC005471 966 $aLINGUA SUMERA$yLINGUE MESOPOTAMICHE$3UONC006426 996 $aComputer-aided analysis of Amorite$91152979 997 $aUNIOR